| 000 | 00736nam a2200217 i 4500 | ||
|---|---|---|---|
| 001 | 133843 | ||
| 003 | ES-MaACL | ||
| 005 | 20230906194537.0 | ||
| 007 | t| | ||
| 008 | 070831s1960 xxu ||||1| eng d | ||
| 080 | _a802.0-321.3 | ||
| 080 | _a929(100):7(038) | ||
| 100 | 1 |
_aKaltenbach, Gustave Emile. _967460 |
|
| 245 | 1 | 0 |
_aDictionary of pronunciation of artists' names / _cG.E., Kaltenbach. |
| 260 |
_a[Chicago] : _bThe Art Institute of Chicago, _c[1960] |
||
| 300 |
_a74 p. ; _c19 cm. |
||
| 650 | 4 |
_aLengua inglesa- _xPronunciación. _914284 |
|
| 650 | 4 |
_aArtistas- _xBiografías- _vDiccionarios. _9174987 |
|
| 710 | 2 |
_aArt Institute of Chicago. _9149542 |
|
| 852 | 4 |
_aES-MaACL _jE-12097 _z- Biblioteca Jacinto Martínez Lacalle |
|
| 999 |
_c133843 _d133843 |
||